Ημερολόγια και γράμματα από το μέτωπο : βαλκανικοί πόλεμοι 1912-1913

Αποθηκεύτηκε σε:
Λεπτομέρειες βιβλιογραφικής εγγραφής
Άλλοι συγγραφείς: Τρίχα, Λύντια
Μορφή: Βιβλίο
Γλώσσα:Greek
Δημοσίευση: Αθήνα : Εταιρεία Ελληνικού Λογοτεχνικού και Ιστορικού Αρχείου, 1993
Θέματα:
Ετικέτες: Προσθήκη ετικέτας
Δεν υπάρχουν, Καταχωρήστε ετικέτα πρώτοι!

MARC

LEADER 00000nam a2200000 i 4500
001 1/93039
008 940323s1993 gre d
020 |a 960-201-105-X 
035 |l 10008690 
040 |a GR-MY-UA  |b gre  |e aacr 
041 0 |a gre 
082 0 |a 938.68 
245 1 0 |a Ημερολόγια και γράμματα από το μέτωπο :  |b βαλκανικοί πόλεμοι 1912-1913 /  |c Εισαγωγή, επιμέλεια Λύντια Τρίχα 
260 |a Αθήνα :   |b Εταιρεία Ελληνικού Λογοτεχνικού και Ιστορικού Αρχείου,   |c 1993 
300 |a 368 σ.  |b εικ. 
500 |a Περιέχει ευρετήριο 
651 0 |a Balkan Peninsula  |x History  |y War of 1912-1913. 
651 0 |a Greece  |x History  |y 20th century. 
700 1 |a Τρίχα, Λύντια. 
852 |a INST  |b LESVOS  |e 19940323  |h 938.68 ΗΜΕ  |p 005100005505  |q 005100005505  |t BK  |y 0 
909 |a Λ  |b 033085